000 00306nam a22001337a 4500
008 170522b xxu||||| |||| 00| 0 eng d
020 _a069100014-X
041 _aeng
080 _a94
100 _a16
101 _aSHH
245 _aASPECTS OF SOCIAL CHANGE IN MODERN JAPAN
_cDORE, R.P
942 _2udc
_cBK
999 _c13708
_d13708